Statistics for Declarations of War on Nazi Germany

Click here to take the quiz!

General Stats

  • This quiz has been taken 823 times
  • The average score is 5 of 28

Answer Stats

DateCountry(s)% Correct
03/09/1939United Kingdom, France (A, N)
100%
03/09/1939Australia, New Zealand (N)
59%
11/12/1941United States (C)
52%
10/09/1939Oman, Canada, Bahrain (F)
38%
06/09/1939South Africa (O, C, B)
27%
13/10/1943Italy (C)
21%
22/08/1942Brazil (E)
17%
04/09/1939Nepal (S)
16%
22/05/1942Mexico (B)
14%
07/02/1945Argentina, Paraguay (V, U)
13%
09/09/1943Iran (I)
13%
26/11/43Colombia (L)
12%
16/12/1941Czechoslovakia (I)
12%
14/12/1942Ethiopia (I)
12%
23/02/1945Turkey (E)
12%
15/02/1945Venezuela, Uruguay (S)
12%
25/08/1944Bulgaria (H)
10%
02/02/1945Ecuador (A, P)
10%
31/12/1944Hungary (E)
10%
16/01/1942Iraq (P)
10%
12/02/1942Peru (M)
10%
27/1/1944Liberia (B)
9%
24/02/1945Egypt (S, L)
8%
08/06/1941Free France (T)
8%
08/12/1941Mongolia (U)
8%
22/06/1941Tuva (M)
6%
26/72/1945Syria, Lebanon
5%
21/02/1945San Marino (T)
3%

Score Distribution

Percentile by Number Answered

Percent of People with Each Score

Your Score History

You have not taken this quiz